000 01065cad a22002175a 4500
001 L151565
008 101117s2010 xxk f 000 0 eng d
035 _a(Sirsi) u151565
041 0 _aeng
110 2 _aUniversities UK
_95896
245 0 0 _aCode of practice for the management of student housing
_h[electronic resource]
260 _a[S.l.
_b[s.n]
_c[2010?]
520 _aReplaces the Universities UK/Standing Conference of Principal's Code of Practice for Management of Student Housing 2006. Applies to student accommodation managed and controlled by Higher Education Establishment and other further educational establishments in England and Wales.
590 _aKA
650 2 4 _aHOUSING ACT 2004
651 4 _aEngland and Wales
_y1543-
690 _aPROPERTY-RESIDENTIAL PROPERTY-COMMUNAL RESIDENTIAL PROPERTY
710 1 _aGuild HE
856 4 0 _uhttps://www.universitiesuk.ac.uk/PolicyAndResearch/Guidance/AccommodationCodeofPractice/Documents/code%20of%20practice%20170810.pdf
_zView this item free of charge at www.universitiesuk.ac.uk
942 _n0
999 _c111448
_d111448